000 00850nam a22002057a 4500
999 _c11584
_d11584
003 AR-CdUCM
008 190306b ||||| |||| 00| 0 spa d
040 _aMUNICIPALIDAD PROVINCIAL DEL CUSCO
_cBIBLIOTECA MUNICIPAL DEL CUSCO
082 _a344 /
_bO72 / 1949.
100 _aQuirós, de Constancio Bernaldo
_911305
245 _aDerecho Penal (Parte Especial) /
260 _aMéxico :
_bJose M. Cajica, JR., S.A
_c1949.
300 _a336 páginas ;
_c24 cm.
505 _aContenido : El derecho penal y su formación histórica -- El derecho penal y su formación histórica -- El derecho moderno -- Las fuentes del derecho penal -- Causas de inimputabilidad --Minoría de edad...
650 _aDerecho penal
_95831
650 _aLegitima defensa
_929016
650 _aDerecho moderno
_929017
942 _2ddc
_cLIBROS
945 _awnts
_d2019-04-04